Private infrastructure in east asia : Lessons learned in the aftermath of the crisis
Kaydedildi:
| Yazar: | |
|---|---|
| Materyal Türü: | Kitap |
| Dil: | Undetermined |
| Baskı/Yayın Bilgisi: |
Washington, D. C.
The World Bank
2001
|
| Konular: | |
| Etiketler: |
Etiketle
Etiket eklenmemiş, İlk siz ekleyin!
|
| Thư viện lưu trữ: | Trung tâm Học liệu Trường Đại học Cần Thơ |
|---|
| LEADER | 00600nam a2200193Ia 4500 | ||
|---|---|---|---|
| 001 | CTU_62900 | ||
| 008 | 210402s9999 xx 000 0 und d | ||
| 082 | |a 363.10095 | ||
| 082 | |b B152 | ||
| 100 | |a Baietti, Aldo | ||
| 245 | 0 | |a Private infrastructure in east asia : | |
| 245 | 0 | |b Lessons learned in the aftermath of the crisis | |
| 245 | 0 | |c Aldo Baietti | |
| 260 | |a Washington, D. C. | ||
| 260 | |b The World Bank | ||
| 260 | |c 2001 | ||
| 650 | |a Public sefety programs,Infrastructure in east asia | ||
| 904 | |i Minh (Nguyên sửa) | ||
| 980 | |a Trung tâm Học liệu Trường Đại học Cần Thơ | ||